Diely III., Nitra

Saved in:
Bibliographic Details
Main Author: Kosár, Gábor (Author)
Other Authors: Hulínová, Zdenka (Thesis advisor)
Format: Manuscript Book
Language:Slovak
Published: 2021
Subjects:
Online Access:http://is.stuba.sk/zp/portal_zp.pl?podrobnosti=158593
https://opac.crzp.sk/?fn=detailBiblioForm&sid=7E417B54B864B7C45224FF4635AB
Tags: Add Tag
No Tags, Be the first to tag this record!

MARC

LEADER 00000ntm a22000003a 4500
001 stuzp85020
003 SK-STU
005 20230515080953.7
007 ta
008 150427s2015----xo-----f-mn---000-0-slo-d
040 |a STU  |b slo 
041 0 |a slo 
100 1 |a Kosár, Gábor  |u 010270  |4 aut  |U SvF Stavebná fakulta  |T SvF Katedra technológie stavieb  |X 75671  |U V270  |Y 28  |7 75671 
242 0 1 |a Parts III. Nitra  |y eng 
245 1 0 |a Diely III., Nitra 
260 |c 2021 
650 4 |a vežový žeriav  |2 slo 
650 4 |a pilóty  |2 slo 
650 4 |a bytový dom  |2 slo 
650 4 |a apartment house  |2 eng 
650 4 |a piles  |2 eng 
650 4 |a tower crane  |2 eng 
700 1 |a Hulínová, Zdenka  |u 010270  |k Z1  |4 ths  |U SvF Stavebná fakulta  |T SvF Katedra technológie stavieb  |X 853  |U V270  |Y 28  |7 A000000853 
856 4 |u http://is.stuba.sk/zp/portal_zp.pl?podrobnosti=158593 
856 4 |u https://opac.crzp.sk/?fn=detailBiblioForm&sid=7E417B54B864B7C45224FF4635AB